all conan gray songs - Statistics

General Stats
  • This quiz has been taken 789 times
  • The average score is 50 of 62
Answer Stats
Answer % Correct
Heather
94%
Actor
93%
Vodka Cranberry
92%
Eleven Eleven
90%
Family Line
90%
This Song
90%
Alley Rose
89%
Found Heaven
89%
The Cut That Always Bleeds
89%
Caramel
88%
Care
88%
Memories
88%
Romeo
88%
Sunset Tower
87%
The Exit
87%
Movies
86%
Never Ending Song
86%
People Watching
86%
Connell
85%
Crush Culture
85%
Maniac
85%
Wish You Were Sober
85%
Best Friend
84%
Class Clown
84%
Jigsaw
83%
My World
83%
Nauseous
83%
Astronomy
82%
Winner
82%
Bourgeoisies
80%
Footnote
80%
Lonely Dancers
80%
Summer Child
79%
The Story
79%
Yours
79%
Boys & Girls
78%
Generation Why
77%
Greek God
77%
Lookalike
77%
Overdrive
77%
Affluenza
76%
Bed Rest
76%
Idle Town
76%
Disaster
75%
Fight or Flight
75%
The King
75%
(Online Love)
74%
Little League
73%
Telepath
73%
(Can We Be Friends?)
72%
Checkmate
72%
Comfort Crowd
72%
Eye Of The Night
72%
Holidays
72%
Killing Me
72%
Grow
70%
Miss You
69%
Fainted Love
68%
The Other Side
68%
Fake
67%
Forever With Me
67%
The Final Fight
67%
No matching quizzes found
Score Distribution
Percent of People with Each Score
Percentile by Number Answered
Your Score History
You have not taken this quiz